Ukraine's Political Crisis : Ukrainian Presidential Elections and U.S. Policy.

Examines political crisis in and U.S. policy towards Ukraine following allegations of fraud surrounding 2004 presidential election contest between candidates Viktor Yanukovych and Viktor Yushchenko. Discusses Ukraine's political transition and crisis, electoral campaign conditions and results,...

Full description

Bibliographic Details
Corporate Authors: Library of Congress. Congressional Research Service, ProQuest (Firm)
Format: eBook
Language:English
Published: [Place of publication not identified] : [publisher not identified], 2004.
Series:U.S. Congressional Research.
Subjects:
Online Access:Connect to the full text of this electronic book

MARC

Tag First Indicator Second Indicator Subfields
LEADER 00000cam a22000001a 4500
001 in00003312949
006 m d f
007 cr bn mmmapmmp
008 101130s2004 dcu o f000 0 eng d
005 20260430223008.6
035 |a cis2007844850 
040 |a ProQuest  |c ProQuest  |d UtOrBLW 
043 |a n-us--- 
099 |a CRS-2004-FDT-0881 
110 2 |a Library of Congress.  |b Congressional Research Service. 
245 1 0 |a Ukraine's Political Crisis :  |b Ukrainian Presidential Elections and U.S. Policy. 
264 1 |a [Place of publication not identified] :  |b [publisher not identified],  |c 2004. 
300 |a 1 online resource. 
336 |a text  |b txt  |2 rdacontent 
337 |a computer  |b c  |2 rdamedia 
338 |a online resource  |b cr  |2 rdacarrier 
500 |a Record is based on bibliographic data in ProQuest U.S. Congressional Research Digital Collection (last viewed Nov. 2010). Reuse except for individual research requires license from ProQuest, LLC. 
500 |a CRS Report. 
520 |a Examines political crisis in and U.S. policy towards Ukraine following allegations of fraud surrounding 2004 presidential election contest between candidates Viktor Yanukovych and Viktor Yushchenko. Discusses Ukraine's political transition and crisis, electoral campaign conditions and results, response from Russia and the European Union, U.S. policy issues, and Congressional action. 
500 |a Electronic resource. 
650 0 |a International relations. 
650 0 |a Fraud. 
650 0 |a Political ethics. 
655 7 |a Electronic books.  |2 local 
710 2 |a ProQuest (Firm) 
776 0 8 |i Microfiche version:   |a Library of Congress. Congressional Research Service.  |t Ukraine's Political Crisis 
830 0 |a U.S. Congressional Research. 
856 4 0 |u http://proxy.library.tamu.edu/login?url=https://congressional.proquest.com/congcomp/getdoc?CRDC-ID=CRS-2004-FDT-0881  |z Connect to the full text of this electronic book  |t 0 
999 |a MARS 
999 f f |s 97cf025c-0320-37e3-8f16-b1d9bcfe532f  |i ce1c87f2-b00e-3e23-bf93-d657ce55752c  |t 0 
952 f f |a Texas A&M University  |b College Station  |c Electronic Resources  |s www_evans  |d Available Online  |t 0  |e CRS-2004-FDT-0881  |h Other scheme 
998 f f |a CRS-2004-FDT-0881  |t 0  |l Available Online